Los Españoles y la guerra : análisis histórico sobre la Primera Guerra Carlista y acerca del invariable carácter de las guerras en España / Richard Ford ; introducción, traducción y notas: Antonio Giménez Cruz análisis histórico sobre la Primera Guerra Carlista y acerca del invariable carácter de las guerras en España / Richard Ford ; introducción, traducción y notas:
Descripción Física:
181 p. ; 21 cm
Otros Autores:
Giménez Cruz, Antonio
MARC
| LEADER | 00000nam a2200000Ia 4500 | ||
|---|---|---|---|
| 001 | 9525 | ||
| 008 | 160829s9999 xx 000 0 cat d | ||
| 080 | |a H-1-175 | ||
| 100 | |a Ford, Richard |9 27504 | ||
| 245 | |a Los Españoles y la guerra : |b análisis histórico sobre la Primera Guerra Carlista y acerca del invariable carácter de las guerras en España / Richard Ford ; introducción, traducción y notas: |b Antonio Giménez Cruz | ||
| 260 | |a Madrid : |b Tayo, DL 1990 | ||
| 300 | |a 181 p. ; |c 21 cm | ||
| 590 | |a Bibliografia. | ||
| 590 | |a Índex | ||
| 651 | 0 | |a Espanya |x Història |y 1833-1840, Guerra Carlina |9 55578 | |
| 700 | 1 | |a Giménez Cruz, Antonio |9 27506 | |
| 901 | |a Arxiu | ||
| 942 | |n 1 | ||
| 952 | |0 0 |1 0 |4 0 |6 H1175 |7 1 |9 44416 |a Arxiu |b Arxiu |d 2016-12-01 |l 0 |o H-1-175 |p 9525 |r 2016-12-01 00:00:00 |w 2016-12-01 |y ARXIU | ||
| 999 | |c 46997 |d 46997 | ||